| 000 | 00763nam a22002177a 4500 | ||
|---|---|---|---|
| 999 |
_c173048 _d173048 |
||
| 005 | 20200218104905.0 | ||
| 010 | _aENG-127891 | ||
| 020 |
_c995.00 _a9780199489886 |
||
| 035 | _aEN-111423 | ||
| 037 | _bDBAD/PUB | ||
| 082 | _a327.54001 | ||
| 100 | _aChatterjee, Shibashis | ||
| 245 |
_a India's spatial imaginations of South Asia : _cby Shibashis Chatterjee; edited by Sumit Ganguly [and] E.Sridharan _bpower, commerce, and community/ |
||
| 260 |
_aNew Delhi _c2019 _bOxford University Press |
||
| 270 |
_a2/11 Ground Floor,Ansari Road,Dariyaganj _e110002 _bNew Delhi |
||
| 300 |
_axxi;225p. _b22(hb) |
||
| 500 | _aincludes bibliographical references and index | ||
| 700 | _aGanguly,Sumit | ||
| 700 | _aE.Sridharan | ||
| 942 |
_2ddc _cEN _hCHA _k327.54001 |
||